| 000 | 00547nam a2200181Ia 4500 | ||
|---|---|---|---|
| 008 | 140626s9999 xx 000 0 und d | ||
| 100 | _aHsu, Li-Ling . | ||
| 245 |
_aQualitative assessment of a blended learning intervention in an undergraduate nursing course / _cLi-Ling Hsu. |
||
| 260 | _cc2013. | ||
| 300 | _a21 : 4, page 291 | ||
| 440 | _aThe Journal of Nursing Research (JNR) | ||
| 521 | _aIT | ||
| 650 | _aBlended learning. | ||
| 650 | _aNursing course. | ||
| 650 | _aNursing ethics. | ||
| 650 | _aQualitative study. | ||
| 942 | _cSE | ||
| 999 |
_c120927 _d120927 |
||